Normal view
MARC view
- A. Samad Ahmad
Entry Personal Name
001 - CONTROL NUMBER
- control field: 8093
003 - CONTROL NUMBER IDENTIFIER
- control field: OSt
005 - DATE AND TIME OF LATEST TRANSACTION
- control field: 20170525112734.0
008 - FIXED-LENGTH DATA ELEMENTS
- fixed length control field: 170525|| aca||aabn | a|a d
040 ## - CATALOGING SOURCE
- Original cataloging agency: OSt
- Transcribing agency: OSt
100 ## - HEADING--PERSONAL NAME
- Personal name: A. Samad Ahmad
- Fuller form of name: (Abdul Samad Ahmad),
- Dates associated with a name: 1913-,
- Relator term: author.
670 ## - SOURCE DATA FOUND
- Source citation: Work cat.: (OSt)0: A. Samad Ahmad (Abdul Samad Ahmad), 1913-, author., SEJAMBAK KENANGAN :

PORTAL AKMAL
E-MEL JKDM
AKMAL2U
G-BAM
u-PUSTAKA